Billie Eilish - Chansons de l'album Happier Than Ever - Statistiques

Statistiques générales
  • Ce quiz a été pris 13 fois
  • Le résultat moyen est 11 sur 16
Statistiques - réponses
Hint Réponse % Correct
Happier Than Ever2 15 Happier Than Ever
92%
Happier Than Ever2 13 NDA
92%
Happier Than Ever 5 Oxytocin
83%
Happier Than Ever 3 Billie Bossa Nova
75%
Happier Than Ever 1 Getting Older
75%
Happier Than Ever 8 Halley's Comet
75%
Happier Than Ever2 16 Male Fantasy
75%
Happier Than Ever 4 my future
75%
Happier Than Ever 6 GOLDWING
67%
Happier Than Ever 7 Lost Cause
67%
Happier Than Ever2 10 Overheated
67%
Happier Than Ever2 12 Your Power
67%
Happier Than Ever 2 I Didn't Change My Number
58%
Happier Than Ever2 14 Therefore I Am
58%
Happier Than Ever2 11 Everybody Dies
50%
Happier Than Ever2 9 Not My Responsibility
50%
Aucun quiz correspondant
Distribution des résultats
% des personnes avec chaque résultat
Percentile par nombre de réponses
Votre historique - résultats
Vous n’avez pas pris ce quiz